000 00544nam a2200193Ia 4500
003 OSt
005 20250129110148.0
008 210210b1970 xxu||||| |||| 00| 0 eng d
040 _cAL
041 _aKannada
082 _aK894.1 NISS
100 _aNISAR AHAMAD (K S)
_9144954
_dನಿಸಾರ್ ಅಹಮದ್(ಕೆ ಎಸ್)
245 _aSanje Aidara Male
_bಸಂಜೆ ಐದರ ಮಳೆ
260 _aMaisuru
_bAkshara Prakashana
_c1970
300 _a68
690 _aKannada Poetry
_9144955
906 _a028045
942 _2ddc
_cBK
999 _c79307
_d79307